Professional guide to signs and symptoms. / (Record no. 9287)

MARC details
000 -LEADER
fixed length control field 00616nam a22002057a 4500
003 - CONTROL NUMBER IDENTIFIER
control field OSt
005 - DATE AND TIME OF LATEST TRANSACTION
control field 20221024134720.0
008 - FIXED-LENGTH DATA ELEMENTS--GENERAL INFORMATION
fixed length control field 190801b xxu||||| |||| 00| 0 eng d
020 ## - INTERNATIONAL STANDARD BOOK NUMBER
International Standard Book Number 9781582550749
040 ## - CATALOGING SOURCE
Transcribing agency WIUC GH
050 ## - LIBRARY OF CONGRESS CALL NUMBER
Classification number RC69.P77
082 ## - DEWEY DECIMAL CLASSIFICATION NUMBER
Edition number 21
Classification number 616'.047
245 ## - TITLE STATEMENT
Title Professional guide to signs and symptoms. /
Statement of responsibility, etc. Edited by Naina D. Chohan ... et al.
250 ## - EDITION STATEMENT
Edition statement 3rd. edition.
260 ## - PUBLICATION, DISTRIBUTION, ETC.
Place of publication, distribution, etc. Springhouse :
Name of publisher, distributor, etc. Springhouse Corporation,
Date of publication, distribution, etc. 2001.
300 ## - PHYSICAL DESCRIPTION
Extent xi, 851 p.:
Other physical details ill and diagrams;
650 ## - SUBJECT ADDED ENTRY--TOPICAL TERM
Topical term or geographic name entry element Symtoms - Handbooks, manuals, etc.
9 (RLIN) 652
700 ## - ADDED ENTRY--PERSONAL NAME
Personal name Chocan, Naina D.
9 (RLIN) 653
942 ## - ADDED ENTRY ELEMENTS (KOHA)
Source of classification or shelving scheme Library of Congress Classification
Koha item type Books
Holdings
Withdrawn status Lost status Source of classification or shelving scheme Damaged status Not for loan Home library Current library Shelving location Date acquired Total Checkouts Full call number Barcode Date last seen Price effective from Koha item type
    Library of Congress Classification     WISCONSIN INTERNATIONAL UNIVERSITY COLLEGE, GHANA KUMASI LIBRARY WISCONSIN INTERNATIONAL UNIVERSITY COLLEGE, GHANA KUMASI LIBRARY nursing 25/11/2019   RC69.P77(3e) KSN/662/662/19 24/10/2022 24/10/2022 Books

If you have any concerns or questions; kindly contact the library


© Powered by WIUC ICT DIRECTORATE